000 00345nam a22001457a 4500
003 OSt
008 250530b |||||||| |||| 00| 0 eng d
020 _a9789354020858
100 _aCLEMENTS, E.
245 _aIntroduction to the study of indian music
260 _aBombay
_bAlpha
_c2020
300 _a104
650 _aGeneral
942 _2ddc
_cBK
999 _c13626
_d13626